| 000 | 01655nam a2200397Ia 4500 | ||
|---|---|---|---|
| 001 | ebr10425442 | ||
| 003 | CaPaEBR | ||
| 006 | m u | ||
| 007 | cr cn||||||||| | ||
| 008 | 100406s2010 ncua s s000 0 eng d | ||
| 010 | _z 2010011939 | ||
| 020 | _z9780807834398 (cloth : alk. paper) | ||
| 040 |
_aCaPaEBR _cCaPaEBR |
||
| 035 | _a(OCoLC)676700020 | ||
| 050 | 1 | 4 |
_aF262.A84 _bS56 2010eb |
| 082 | 0 | 4 |
_a975.6/1 _222 |
| 100 | 1 | _aSimpson, Bland. | |
| 245 | 1 | 4 |
_aThe coasts of Carolina _h[electronic resource] : _bseaside and sound country / _cBland Simpson and Scott Taylor. |
| 260 |
_aChapel Hill : _bUniversity of North Carolina Press, _cc2010. |
||
| 300 |
_ax, 140 p. : _bill. |
||
| 533 |
_aElectronic reproduction. _bPalo Alto, Calif. : _cebrary, _d2010. _nAvailable via World Wide Web. _nAccess may be limited to ebrary affiliated libraries. |
||
| 650 | 0 |
_aCoasts _zNorth Carolina. |
|
| 650 | 0 |
_aSounds (Geomorphology) _zNorth Carolina. |
|
| 650 | 0 |
_aBarrier islands _zNorth Carolina. |
|
| 650 | 0 |
_aNatural history _zNorth Carolina _zAtlantic Coast. |
|
| 650 | 0 |
_aFishing _zNorth Carolina _zAtlantic Coast. |
|
| 650 | 0 |
_aCommunity life _zNorth Carolina _zAtlantic Coast. |
|
| 651 | 0 |
_aAtlantic Coast (N.C.) _xDescription and travel. |
|
| 651 | 0 |
_aNorth Carolina _xDescription and travel. |
|
| 651 | 0 |
_aAtlantic Coast (N.C.) _vPictorial works. |
|
| 651 | 0 |
_aNorth Carolina _vPictorial works. |
|
| 655 | 7 |
_aElectronic books. _2local |
|
| 700 | 1 |
_aTaylor, Scott, _d1956- |
|
| 710 | 2 | _aebrary, Inc. | |
| 856 | 4 | 0 |
_uhttp://site.ebrary.com/lib/rucke/Doc?id=10425442 _zAn electronic book accessible through the World Wide Web; click to view |
| 999 |
_c238691 _d238691 |
||